American short stories
Saved in:
| Main Author: | |
|---|---|
| Format: | Book |
| Language: | English |
| Published: |
Londres
Longman
1964
|
| Series: | The Bridge Series
|
| Subjects: | |
| Tags: |
Add Tag
No Tags, Be the first to tag this record!
|
MARC
| LEADER | 00000nam a2200000 a 4500 | ||
|---|---|---|---|
| 001 | UCQ2481 | ||
| 003 | CL-VaPUC | ||
| 008 | 980724e19640000UK |||||||||||||||||eng|d | ||
| 082 | 0 | 4 | |a 808.83 |b TAY |2 21 |
| 100 | 0 | |a Taylor, Barry |e author |9 416396 | |
| 245 | 1 | 0 | |a American short stories |
| 300 | |a 119 p | ||
| 942 | |c BK | ||
| 945 | |d 19980724 00:00:00 |a crobeson | ||
| 260 | |a Londres |b Longman |c 1964 | ||
| 650 | 0 | |a Novelas estadounidenses |9 265217 | |
| 650 | 0 | |a Literatura estadounidense |9 317168 | |
| 583 | |a last modification |c 19980724 00:00:00 |k Rodrigo Vera | ||
| 490 | 0 | |a The Bridge Series | |
| 999 | |c 273299 |d 273297 | ||
| 952 | |0 0 |1 0 |4 0 |6 808_830000000000000_TAY_1964 |7 0 |8 A |9 308734 |a BIBEDU |b BIBEDU |d 2019-11-20 |i 1448013 |o 808.83 TAY 1964 |p 1448013 |r 2019-11-20 |w 2019-11-20 |y BK |k LIT | ||
| 952 | |0 0 |1 0 |4 0 |6 808_830000000000000_TAY_1964 |7 0 |8 A |9 308735 |a BIBEDU |b BIBEDU |d 2019-11-20 |i 1471848 |o 808.83 TAY 1964 |p 1471848 |r 2023-04-13 |w 2019-11-20 |y BK |k LIT | ||